| 000 | 00544nam a2200169 a 4500 | ||
|---|---|---|---|
| 005 | 20140412111247.0 | ||
| 008 | 010418s19uu xx 00 eng d | ||
| 020 | _a971-8637-19-2 | ||
| 050 |
_aFil 398.2 _bR457 1989 |
||
| 100 | _aReyes, Lucia M. | ||
| 245 |
_aWhen Chico went to school / _cby Lucia M. Reyes; Dr. Lilia R. Cortez. |
||
| 260 |
_aPasig, Philippines : _bIntegrated Publishing House, _c1989. |
||
| 300 | _a1v. (unp.) ; ill. | ||
| 440 | _aButterfly story and coloring book | ||
| 650 | _aSchool stories, Filipino | ||
| 999 |
_c102985 _d102985 |
||